Dedenie a daň z dedičstva

Bibliographic Details
Main Author: Nedveď, Otto (Author)
Format: Article
Language:Slovak
ISSN:1335-9576
Subjects:

MARC

LEADER 00000nab a2200000 ar4500
001 vtls008900022
003 SK-MaSNL
005 20260303061710.0
008 061212c2003 xo mr|p|||||||000 b|slo
015 |a SNBRB2006/12 
038 |a SNKBUCL 
040 |a SNKBUCL  |b slo  |e AACR2  |c SNKBUCL 
041 0 |a slo 
044 |a xo  |c SK 
080 |a 347.65/.68  |2 1997 
080 |a 336.22  |2 1997 
100 1 |a Nedveď, Otto  |4 aut  |9 841320 
245 1 0 |a Dedenie a daň z dedičstva  |c Otto Nedveď 
650 0 7 |a daň z dedičstva  |2 snkbucl  |9 300590 
650 0 7 |a dedičské právo  |2 snkbucl  |9 1308 
773 0 |t Majetkové práva a dane  |g Roč. 3, č. 4-5 (2003), s. 36-40  |x 1335-9576 
852 |a SNK  |b KIS3GCP 
958 |a SK 
999 |c 1736413  |d 1738343